| 000 | 00700nam a2200217 i 4500 | ||
|---|---|---|---|
| 001 | bg | ||
| 100 | 1 | _aPIENIĄŻEK, Zbigniew | |
| 245 | 1 | 0 |
_aNowe materiały budowlane : _bskrypt dla studentów wyższych szkół technicznych / _cZbigniew Pieniążek ; Politechnika Krakowska im. Tadeusza Kościuszki. |
| 260 |
_aKraków : _bPK, _c1993 _e(Krak. : _fPK). |
||
| 300 |
_a78 s. : _brys. ; _c24 cm. |
||
| 504 | _aBibliogr. s. 73-78. | ||
| 650 | 9 | _aMateriały budowlane | |
| 655 | _aPodręczniki akademickie | ||
| 710 | _aPOLITECHNIKA KRAKOWSKA (Kraków) | ||
| 015 | _aPB 124/94 | ||
| 040 | _cBPK | ||
| 041 | 0 | _apol | |
| 080 | _a691(075.8) | ||
| 942 | _cKS | ||
| 008 | s pl f |000 0 pol | ||
| 999 |
_c6319 _d6319 |
||
| 856 |
_uhttp://koha.tu.koszalin.pl/cgi-bin/koha/opac-detail.pl?biblionumber=6319 _yKatalog online BPK |
||